A nuestros amores : material adicional = A nos amours : [autres sujets] /

Presentación en dos DVD del sexto de los diez largometrajes dirigidos por el francés Maurice Pialat, que supusiera –entre otros logros- el descubrimiento de la entonces actriz adolescente Sandrine Bonnaire y cuyo segundo volumen reúne una serie de suplementos: 1) Entrevista con Bonnaire (17 min., 20...

Descripció completa

Guardat en:
Dades bibliogràfiques
Altres autors: Bonnaire, Sandrine (autor) (autor), Toubiana, Serge (entrevista) (entrevista), Giannoli, Xavier (realización) (realización), Legal, Christophe (fotógrafo) (fotógrafo), Kotlarski, Philippe (montaje) (montaje), Lucas, Gonzalo de (texto) (texto), Quintana, Angel (texto del folleto) (texto del folleto)
Format: Diapositiva
Idioma:francès
Publicat: París, Francia : Elizabeth Films, 1983-2003
Col·lecció:(Intermedio. Maurice Pialat)
Matèries:
Etiquetes: Afegir etiqueta
Sense etiquetes, Sigues el primer a etiquetar aquest registre!

MARC

LEADER 00000ngm^a2200000^a^4500
001 000295034
005 20251020000000.0
009 20260526135137.471
037 |a Acervo ITESO - Biblioteca 
041 |a FRA 
082 |a 840.  |b PIA V. 2 
240 1 1 |a [A nuestros amores] 
240 1 1 |a [Entrevista con Sandrine Bonnaire, por Serge Toubiana] 
240 1 4 |a [El ojo humano: análisis fílmico de la película de Maurice Pialat A nuestros amores] 
245 0 0 |a A nuestros amores :  |b material adicional = A nos amours : [autres sujets] / 
264 1 |a París, Francia :  |b Elizabeth Films,  |c 1983-2003 
264 2 |a Barcelona, España :  |b Prodimag [distribución],  |c 2006, c2006 
300 |a 1 DVD región 2 PAL (17, 55 min.) :  |b color +  |e 1 tríptico 
336 |a imagen móvil bidimensional  |b tdi  |2 rdacontenido 
337 |a video  |b v  |2 rdamedio 
338 |a videodisco  |b vd  |2 rdasoporte 
440 1 |a (Intermedio.  |p Maurice Pialat) 
520 |a Presentación en dos DVD del sexto de los diez largometrajes dirigidos por el francés Maurice Pialat, que supusiera –entre otros logros- el descubrimiento de la entonces actriz adolescente Sandrine Bonnaire y cuyo segundo volumen reúne una serie de suplementos: 1) Entrevista con Bonnaire (17 min., 2003), quien describe a Serge Toubiana su duradera relación con Maurice Pialat, dentro y fuera de la pantalla; 2) El ojo humano (55 min., 1999), documental sobre la película, filmado 16 años después por Xavier Giannoli, que integra entrevistas con la coguionista Arlette Langmann, el crítico Jean-Michel Frodon y los intérpretes Sandrine Bonnaire, Dominique Besnehard y Jacques Fieschi; 3) Diez pasajes de ensayos de los actores (41 min.), con las participaciones de doce miembros del reparto, incluidos Bonnaire y Pialat; 4) Avances cinematogáficos originales de los diez largometrajes dirigidos por el cineasta francés (23 min.); 5) Archivos en formato PDF con una biografía, filmografía y bibliografía de Pialat, preparadas por Gonzalo de Lucas, y 6) Tríptico, común a los dos tomos, con un texto de Ángel Quintana. 
546 |a En francés, con subtítulos en español 
649 |a XX 
650 |a Actores Franceses -  |x Entrevistas 
650 |a Mujeres Francesas -  |x Entrevistas 
650 |a Documentales 
650 |a Cortometrajes y Mediometrajes Franceses 
650 |a Cine Francés -  |x Historia y Crítica 
650 |a Cine Francés -  |y 1980-1989 
650 |a Cine Francés -  |y 1990-1999 
650 |a Cine Francés -  |y Siglo XX 
650 |a Bonnaire, Sandrine 
650 |a Pialat, Maurice -  |x Tema Principal 
700 |a Bonnaire, Sandrine  |e (autor) 
700 |a Toubiana, Serge  |e (entrevista) 
700 |a Giannoli, Xavier  |e (realización) 
700 |a Legal, Christophe  |e (fotógrafo) 
700 |a Kotlarski, Philippe  |e (montaje) 
700 |a Lucas, Gonzalo de  |e (texto) 
700 |a Quintana, Angel  |e (texto del folleto) 
740 0 |a [Entrevista con Sandrine Bonnaire, por Serge Toubiana] =  |b [Entretien avec Sandrine Bonnaire, par Serge Toubiana] /  |c S. Bonnaire ; entrevistada por S. Toubiana. 
740 3 |a El ojo humano :  |b análisis fílmico de la película de Maurice Pialat A nuestros amores = L'oeil humain : analyse filmique du film de Maurice Pialat A nos amours /  |c Realización de X. Giannoli. 
740 4 |a Los caprichos de Suzanne o el desorden de los sentimientos /  |c Texto del tríptico de A. Quintana. 
910 |a Fondo General 
920 |a Audiovisuales - DVDs 
940 |a Películas 
905 |a 308 
901 |a 0500192889  |b IT2  |c DVR  |i C118753  |u 20250521 
901 |a 0500174507  |b IT2  |c MIN  |i C118753  |u 20251020 
902 |a https://opac.biblio.iteso.mx/vufind/Record/000295034